Verdaguer i el Maresme / Manuel Llanas, Llorenç Soldevila ; documentalista: Bartomeu Roig Bartomeu Roig
MARC
| LEADER | 00000nam a2200000Ia 4500 | ||
|---|---|---|---|
| 001 | 14841 | ||
| 008 | 160829s9999 xx 000 0 cat d | ||
| 020 | |a 84-7794-895-X | ||
| 080 | |a L-2-31 | ||
| 100 | |a Llanas, Manuel, |d 1952- |9 26433 | ||
| 245 | |a Verdaguer i el Maresme / Manuel Llanas, Llorenç Soldevila ; documentalista: |b Bartomeu Roig | ||
| 260 | |a [Caldes d'Estrac] : |b Ajuntament de Caldes d'Estrac, cop. 2002 | ||
| 300 | |a 125 p. : |b il., fot. ; |c 29 cm | ||
| 590 | |a Col·labora en l'edició: Diputació de Barcelona. | ||
| 590 | |a Conté fotografies antigues i textos de Verdaguer que fan referència a diferents pobles del Maresme. | ||
| 590 | |a Bibliografia | ||
| 650 | |a Verdaguer, Jacint |x Residències i indrets freqüentats |x Maresme |9 26434 | ||
| 650 | |a Maresme |x En la literatura |9 26435 | ||
| 700 | 1 | |a Soldevila, Llorenç, |d 1950-2022 |9 26436 | |
| 700 | |a Roig, Bartomeu |9 26437 | ||
| 700 | |a Verdaguer, Jacint. Seleccions |9 26439 | ||
| 710 | 1 | |a Caldes d'Estrac (Catalunya). |b Ajuntament |9 53948 | |
| 901 | |a Arxiu | ||
| 942 | |n 1 | ||
| 952 | |0 0 |1 0 |4 0 |6 L231 |7 1 |9 43984 |a Arxiu |b Arxiu |d 2016-12-01 |l 0 |o L-2-31 |p 14841 |r 2016-12-01 00:00:00 |w 2016-12-01 |y ARXIU | ||
| 999 | |c 46564 |d 46564 | ||